| 000 | 01004cab a2200241 4500 | ||
|---|---|---|---|
| 001 | ABS46196 | ||
| 008 | 090401t1992 xxu||||| |||| 00| 0 eng d | ||
| 035 | _a(Sirsi) u57126 | ||
| 041 | _aeng | ||
| 245 | _aInsurers launch own `building regulations` | ||
| 260 | _c1992 | ||
| 350 | _a0 | ||
| 490 |
_aArchitect and Surveyor _v67(3) April 1992, 6-7(2) |
||
| 520 | _aFinding the new Building Regulations inadequate with regard to fire resistance, the Loss Prevention Council has published its own code of practice for the protection of buildings. Details and criticism are reported here. "Code of practice for the construction of buildings: insurers` rules for the fire protection of industrial and commercial buildings" £27.50 | ||
| 650 |
_aBUILDING REGULATIONS _96224 |
||
| 650 | _aFIRE RESISTANCE | ||
| 650 | _aINDUSTRIAL BUILDINGS | ||
| 650 | _aLOSS PREVENTION COUNCIL | ||
| 690 | _aBUILDING AND CONSTRUCTION-REGULATIONS | ||
| 690 |
_aINSURANCE _96249 |
||
| 942 | _n0 | ||
| 948 | _c04/03/1997 | ||
| 999 |
_c34812 _d34812 |
||